000 00462nam a2200181Ia 4500
001 13446
005 20260306164801.0
008 260306t2006||||xx |||||||||||||| ||spa||
041 _aESP
082 _a004.16
_bP19
100 _aPalacios Municio, Enrique
_eAUT
245 0 _aMicrocontrolador PIC16F84:
_bdesarrollo de proyectos
260 _c2006
300 _axxiii, 623 páginas :
_c23 cm.
650 _aGEN
654 _aCCC
942 _cLIB
_dJUS
_fJUS
_2ddc
_n
999 _c13446
_d13446